000 01220cam a22003373a 4500
001 1012
005 20230815151128.0
008 020116s2002 nyua j 000 1 eng d
020 _a043930931X (pbk.)
040 _aFAR
_cFAR
_dDLC
_beng
050 0 0 _aPZ7.P915
082 _aFic
100 1 _aPreller, James
245 1 4 _aThe case of the buried treasure /
_cby James Preller ; illustrated by Jamie Smith ; cover illustration by R. W. Alley.
260 _aNew York :
_bScholastic,
_c2002.
300 _a106 pages :
_billustrations ;
_c20 cm
490 1 _aA Jigsaw Jones mystery ;
_vsuper special #1
500 _a"A Little Apple paperback."
505 _aJ
520 _a"What's bright and shiny and hard to find? Buried treasure! Jigsaw's class finds a hidden riddle that leads them on a treasure hunt..."
521 _a490
_bLexile
521 _aJ
_bRaz-Plus
650 0 _aTreasure hunting
_vFiction.
650 0 _aTreasure troves
_vFiction.
650 1 _aMystery and detective stories.
655 7 _aChildren's stories.
_2lcsh
700 1 _aSmith, Jamie,
_d1971-
_eillustrator.
700 1 _aAlley, R. W.,
_d1955-
906 _a7
_bcbc
_ccopycat
_d2
_encip
_f20
_gy-genrareb
942 _2ddc
_cBK
_n0
999 _c1012
_d1012